Jeanne Doré (Record no. 170563)

MARC details
000 -LEADER
campo de control de longitud fija 00923nam a22002175i 4500
001 - NÚMERO DE CONTROL
campo de control 170563
003 - IDENTIFICADOR DE NÚMERO DE CONTROL
campo de control ES-MaACL
005 - FECHA Y HORA DE LA ÚLTIMA TRANSACCIÓN
campo de control 20230906214410.0
008 - DATOS DE LONGITUD FIJA--INFORMACIÓN GENERAL
campo de control de longitud fija 090317s1914 fr |||| | fre d
080 ## - NÚMERO DE LA CLASIFICACIÓN DECIMAL UNIVERSAL
Número de la Clasificación Decimal Universal 821.133.1-2"19"
100 1# - ENTRADA PRINCIPAL--NOMBRE DE PERSONA
Nombre de persona Bernard, Tristan.
9 (RLIN) 28259
245 10 - MENCIÓN DEL TÍTULO
Título Jeanne Doré
Resto del título : pièce en cinq actes et sept tableaux /
Mención de responsabilidad, etc. par Tristan Bernard. [La victime : pièce en trois actes / par Fernand Vandérem et Franc-Noahin.
260 ## - PUBLICACIÓN, DISTRIBUCIÓN, ETC.
Lugar de publicación, distribución, etc. [Paris :
Nombre del editor, distribuidor, etc. L'Illustration,
Fecha de publicación, distribución, etc. 1914]
300 ## - DESCRIPCIÓN FÍSICA
Extensión 23, 17 p. :
Otras características físicas il. ;
Dimensiones 30 cm.
500 ## - NOTA GENERAL
Nota general Publicado en: La Petite Illustration : roman - théatre : revue hebdomaire, nº 65. Série théâtre, nº 39, 30 mai 1914.
500 ## - NOTA GENERAL
Nota general La segunda obra con portada y paginación propia.
700 1# - ENTRADA AGREGADA--NOMBRE PERSONAL
Nombre de persona Vandérem, Fernand.
9 (RLIN) 139642
700 0# - ENTRADA AGREGADA--NOMBRE PERSONAL
Nombre de persona Franc-Nohain.
9 (RLIN) 52128
740 3# - ENTRADA AGREGADA--TÍTULO RELACIONADO/ANALÍTICO NO CONTROLADO
Título relacionado o analítico no controlado La victime.
852 ## - LOCALIZACIÓN
Ubicación ES-MaACL
Número de control de estantería 2278-F-7
itemnumber R.141185
Nota libre .- Biblioteca Jacinto Martínez Lacalle
Holdings
Estatus retirado Estado de pérdida Estado de daño No para préstamo Colección Biblioteca de origen Biblioteca actual Ubicación en estantería Fecha de adquisición Fuente de adquisición Total de préstamos Signatura topográfica completa Código de barras Visto por última vez Precio de reemplazo Tipo de ítem Koha
        Colección de folletos Biblioteca del Ateneo de Madrid Biblioteca del Ateneo de Madrid Depósito folletos 17/03/2009     2278-F-7 1178995 23/02/2023 23/02/2023 Folleto